00420nam a2200145Ia 4500008004100000020001500041041001200056082001600068100002300084245009500107260003400202300000800236650001500244700001500259221030s9999 xx 000 0 und d a8185099154 aEnglish a105.23bCho aS. K. H. Choudhury 0aElements of Workshop Technology Vol. II - Machine Toolscby S. K. H. Choudhury, S. K. Bose bMedia PromotersaMumbaic1997 a688 aMechanical aS. K. Bose